| 000 | 00985nam a22002177a 4500 | ||
|---|---|---|---|
| 999 |
_c63166 _d63166 |
||
| 003 | Ge_BSU | ||
| 005 | 20250616111705.0 | ||
| 008 | 250616s2019 ge ||||| |||| 00| 0 geo d | ||
| 020 | _a9789941480393 | ||
| 041 | _ageo | ||
| 080 | _a581.1 ყ-25 | ||
| 100 |
_aყანჩაველი, ზაქარია _925424 |
||
| 245 |
_aფიტოიმუნოლოგია : _b[სახელმძღვანელო / _cზ. ს. ყანჩაველი; რედაქტორი ზურაბ ხიდეშელი. |
||
| 264 |
_aთბილისი : _bგრიფონი, _c2019. |
||
| 300 |
_a364 გვ. : _bსურ. ; _c24 სმ. |
||
| 500 | _aსაძიებლები: გვ. 340-348. | ||
| 504 | _aბიბლიოგრაფია: გვ. 334-339. | ||
| 653 | _aმცენარეთა იმუნიტეტი | ||
| 700 |
_aხიდეშელი, ზურაბ _eრედაქტორი _925425 |
||
| 942 |
_2udc _cBK |
||